Historia crítica de la filosofía occidental (Registro nro. 2590)

Detalles MARC
000 -ENCABEZADO
Número de control [NR] 01324nam a2200289Ia 4500
008 - DE LONGITUD FIJA DE DATOS DE ELEMENTOS - INFORMACIÓN GENERAL
Elementos de longitud fija [NR] 130821s1983 sp gr spa
040 ## - FUENTE DE CATALOGACION [NR]
Agencia de catalogación original [NR] Co-BoUCM
Idioma de catalogación [NR] spa
041 ## - CODIGO DE IDIOMA [R]
Código de idioma para texto/pista de sonido o título separado [R] Español
245 10 - MENCION DE TITULO [NR]
Título [NR] Historia crítica de la filosofía occidental
Mención de responsabilidad, etc. [NR] Compilado por D. I. O'connor; Traducción de Nestor Miguez
250 ## - MENCION DE EDICION [NR]
Mención de edición [NR] 7a. ed.
260 ## - PUBLICACION, DISTRIBUCION, ETC. (PIE DE IMPRENTA) [R]
Lugar de publicación, distribución, etc. [R] Barcelona (España)
Nombre del editor, distribuidor, etc. [R] Paidós
Fecha de publicación, distribución, etc. [R] 1983
300 ## - DESCRIPCION FISICA [R]
Extensión [R] 7 volúmenes
490 ## - MENCION DE SERIE [R]
Mención de serie [R] Paidós Studio
Designación numérica/secuencial del volumen [NR] 31, 32, 33, 34, 35, 36, 37
504 ## - NOTA DE BIBLIOGRAFIA, ETC. [R]
Nota de bibliografía, etc. [NR]
505 ## - NOTA DE CONTENIDO CON FORMATO PREESTABLECIDO [R]
Nota de contenido con formato preestablecido [NR] V.!: La filosofía de la antigüedad. -- V.2: La filosofía en la edad media y los origenes del pensamiento moderno. -- V.3: Racionalismo, iluminismo y materialismo en los siglos XVII y XVIII. --V.4: El empirismo ingles. -- V.5:Kant. Hegel. Schopenhauer. Nietzsche. -- V.6: La filosofìa en la segunda mitad del siglo XIX. -- V. 7: La filosofìa contemporanea.
600 ## - ASIENTO SECUNDARIO DE MATERIA - NOMBRE PERSONAL [R]
Nombre personal [NR] Aristóteles
Fechas asociadas con el nombre [NR] 384-322 a. C.
9 (RLIN) 1040
650 04 - ASIENTO SECUNDARIO DE MATERIA - TERMINO TEMATICO [R]
Término temático o nombre geográfico como elemento de entrada [NR] Atomismo
9 (RLIN) 9725
650 04 - ASIENTO SECUNDARIO DE MATERIA - TERMINO TEMATICO [R]
Término temático o nombre geográfico como elemento de entrada [NR] Filosofía aristotélica
9 (RLIN) 15732
650 04 - ASIENTO SECUNDARIO DE MATERIA - TERMINO TEMATICO [R]
Término temático o nombre geográfico como elemento de entrada [NR] Filosofía griega
9 (RLIN) 15815
650 04 - ASIENTO SECUNDARIO DE MATERIA - TERMINO TEMATICO [R]
Término temático o nombre geográfico como elemento de entrada [NR] Filosofía medieval
9 (RLIN) 15832
650 04 - ASIENTO SECUNDARIO DE MATERIA - TERMINO TEMATICO [R]
Término temático o nombre geográfico como elemento de entrada [NR] Filosofía moderna
9 (RLIN) 15835
650 04 - ASIENTO SECUNDARIO DE MATERIA - TERMINO TEMATICO [R]
Término temático o nombre geográfico como elemento de entrada [NR] Filosofía
Subdivisión general [R] Historia
9 (RLIN) 75
650 04 - ASIENTO SECUNDARIO DE MATERIA - TERMINO TEMATICO [R]
Término temático o nombre geográfico como elemento de entrada [NR] Positivismo lógico
9 (RLIN) 22109
700 1# - ASIENTO SECUNDARIO - NOMBRE PERSONAL [R]
Nombre personal [NR] Miguez, Nestor.
Término de relación [R]
942 ## - ELEMENTOS DE ENTRADA AGREGADOS (KOHA)
Tipo de ítem principal el descrito en 300a Libro
Tema principal Filosofía
Edición 7
Parte restante de la signatura top. H47
Sistema de clasificación DEWEY
Clasificación 109
Existencias
Fecha de último préstamo Total préstamos Total Renewals Signatura topográfica Código de barras Última vez visto Volúmen / Fascículo Ejemplar Price effective from Tipo de ítem Perdido Sistema de clasificación Dañado No prestable Tipo de ítem específico Suprimido Ubicación habitual Ubicación actual Localización Fecha de creación Forma de adquisición Costo
24/03/2022 4 1 109 H47 100033967 06/03/2026 V.1 Ej.1 03/02/2013 Libro   DEWEY     Libro   Claustro Claustro 2do piso 28/02/2003 Compra 17930.00
26/04/2006 2   109 H47 100033968 06/03/2026 V.2 Ej.1 03/02/2013 Libro   DEWEY     Libro   Claustro Claustro 2do piso 28/02/2004 Compra 24500.00
24/11/2008 5   109 H47 100033971 06/03/2026 V.5 Ej.1 03/02/2013 Libro   DEWEY     Libro   Claustro Claustro 2do piso 28/02/2004 Compra 17930.00
16/03/2018 2 3 109 H47 100033969 06/03/2026 V.3 Ej.1 03/02/2013 Libro   DEWEY     Libro   Claustro Claustro 2do piso 28/02/2004 Compra 17930.00
27/09/2013 1 2 109 H47 100033970 06/03/2026 V.4 Ej.1 03/02/2013 Libro   DEWEY     Libro   Claustro Claustro 2do piso 28/02/2004 Compra 179300.00
19/09/2016 1   109 H47 100033972 06/03/2026 V.6 Ej.1 03/02/2013 Libro   DEWEY     Libro   Claustro Claustro 2do piso 28/02/2004 Compra 17930.00
16/08/2017 1   109 H47 100033973 06/03/2026 V.7 Ej.1 03/02/2013 Libro   DEWEY     Libro   Claustro Claustro 2do piso 28/02/2004 Compra 17930.00